Flags Of Europe - Easy Level - Statistics

General Stats
  • This quiz has been taken 73 times
  • The average score is 14 of 15
Answer Stats
Picture Answer % Correct
France
100%
Germany
97%
Spain
97%
Ukraine
97%
United Kingdom
97%
Italy
95%
Poland
93%
Greece
92%
Ireland
92%
Portugal
92%
Sweden
92%
Norway
88%
Belgium
86%
The Netherlands
85%
Austria
76%
No matching quizzes found
Score Distribution
Percent of People with Each Score
Percentile by Number Answered
Your Score History
You have not taken this quiz